<?xml version="1.0" encoding="UTF-8"?>
<marc:record xmlns:marc="http://www.loc.gov/MARC21/slim">
   <marc:leader>00000nam a2200000 a 4500</marc:leader>
   <marc:datafield ind1="1" ind2=" " tag="100">
      <marc:subfield code="a">Rosenfeldt, Hans</marc:subfield>
      <marc:subfield code="4">aut</marc:subfield>
      <marc:subfield code="e">Verfasser/-in</marc:subfield>
   </marc:datafield>
   <marc:datafield ind1=" " ind2=" " tag="653">
      <marc:subfield code="a">Drogen</marc:subfield>
   </marc:datafield>
   <marc:datafield ind1=" " ind2=" " tag="653">
      <marc:subfield code="a">Schweden</marc:subfield>
   </marc:datafield>
   <marc:datafield ind1=" " ind2=" " tag="653">
      <marc:subfield code="a">Thriller, Spannungs-,Agentenroman</marc:subfield>
   </marc:datafield>
   <marc:datafield ind1=" " ind2=" " tag="653">
      <marc:subfield code="a">Finnland</marc:subfield>
   </marc:datafield>
   <marc:datafield ind1=" " ind2=" " tag="653">
      <marc:subfield code="a">Wolf</marc:subfield>
   </marc:datafield>
   <marc:datafield ind1="0" ind2="0" tag="245">
      <marc:subfield code="a">Wolfssommer</marc:subfield>
   </marc:datafield>
   <marc:datafield ind1="0" ind2="0" tag="245">
      <marc:subfield code="b">Thriller</marc:subfield>
   </marc:datafield>
   <marc:datafield ind1=" " ind2="1" tag="264">
      <marc:subfield code="b">WJB</marc:subfield>
      <marc:subfield code="c">2020</marc:subfield>
   </marc:datafield>
   <marc:datafield ind1="1" ind2=" " tag="520">
      <marc:subfield code="a">Der Auftakt einer neuen Thrillerreihe - von einem der größten schwedischen Krimi- und Drehbuchautoren!
In der schwedischen Stadt Haparanda wird ein toter Wolf gefunden. Als die Behörden das Tier untersuchen, finden sie im Magen menschliche Überreste. Nachforschungen führen die Ermittler auf eine Spur: In Finnland ist ein Drogendeal aus dem Ruder gelaufen, es gab mehrere Tote. Und daher tauchen gleich mehrere Kriminelle in Haparanda auf - allen voran Profi-Killerin Katja, die für ihren russischen Auftraggeber Drogen und Geld zurückholen soll. Die leitende Polizistin vor Ort, Hanna Wester, hat noch ganz andere Probleme: Sie befürchtet, ihr Mann könnte sie verlassen, die Affäre mit ihrem jüngeren Chef macht es nicht besser. Doch Hanna steht ihre Frau.</marc:subfield>
   </marc:datafield>
   <marc:datafield ind1=" " ind2=" " tag="020">
      <marc:subfield code="a">9783805200028</marc:subfield>
      <marc:subfield code="9">9783805200028</marc:subfield>
   </marc:datafield>
</marc:record>
